000 00400nam a2200157Ia 4500
003 0STCL
008 150530s9999 xx 000 0 und d
040 _aSTCL
_cSTCL
100 _aSuperintendent Government printing India
245 _aCalcutta university commission 1917-19 Report Vol XII
260 _c1919
546 _aEnglish
942 _2ddc
_cBK
999 _c15171
_d15171
005 20220125165725.0